=LDR 00000nam 2200000 4500 =001 INLIS000000000030488 =005 20130612132628 =008 ***********************************eng** =035 ##$$0010-061300000030488 =041 ##$$a eng =082 ##$$a F.Rom.D =090 ##$$a F.Rom.D, JOS e =100 ##$$a Jose, F. Sionil =245 ##$$a Ermita, F. Sionil Jose =260 ##$$a 1988 $b Manila =300 ##$$a 258 hlm., 21 cm =650 ##$$a Fiksi Filiphina =850 ##$$a NBPNMAT